Medium-Range Weather Prediction : The European Approach

Enregistré dans:
Détails bibliographiques
Auteur principal: Woods, Austin (Auteur)
Format: Livre
Langue:anglais
Publié: New York : Springer Science+Business Media, Inc., 2006
Tags: Ajouter un tag
Pas de tags, Soyez le premier à ajouter un tag!

MARC

LEADER 00000nam a22000003a 4500
001 stu262669
005 20190206105222.7
008 130214s--------xxu-----------------eng-d
020 |a 0-387-26928-2 
040 |a STU  |b slo 
041 0 |a eng 
044 |a xxu 
100 1 |a Woods, Austin  |4 aut 
245 1 |a Medium-Range Weather Prediction :  |b The European Approach 
260 |a New York :  |b Springer Science+Business Media, Inc.,  |c 2006 
300 |a 270 s 
996 |c I*8M5726  |l I  |s A  |a 24  |w stu262669_0001